<?xml version="1.0" encoding="UTF-8"?>
<record
    xmlns:xsi="http://www.w3.org/2001/XMLSchema-instance"
    xsi:schemaLocation="http://www.loc.gov/MARC21/slim http://www.loc.gov/standards/marcxml/schema/MARC21slim.xsd"
    xmlns="http://www.loc.gov/MARC21/slim">

  <leader>01206nam a22002057a 4500</leader>
  <controlfield tag="005">20220802135440.0</controlfield>
  <controlfield tag="008">220802b           ||||| |||| 00| 0 eng d</controlfield>
  <datafield tag="020" ind1=" " ind2=" ">
    <subfield code="a">9789988306946</subfield>
  </datafield>
  <datafield tag="050" ind1=" " ind2=" ">
    <subfield code="a">NURS/Az1</subfield>
  </datafield>
  <datafield tag="100" ind1=" " ind2=" ">
    <subfield code="9">Aziato, Lydia.</subfield>
  </datafield>
  <datafield tag="245" ind1=" " ind2=" ">
    <subfield code="a">A history of nursing and midwifery in Ghana: 1900 - 2019 . /</subfield>
    <subfield code="c">Lydia Aziato et al.</subfield>
  </datafield>
  <datafield tag="260" ind1=" " ind2=" ">
    <subfield code="a">Cantonments :</subfield>
    <subfield code="b">CSIR-INSTI ,</subfield>
    <subfield code="c">2020.</subfield>
  </datafield>
  <datafield tag="300" ind1=" " ind2=" ">
    <subfield code="a">xiii, 126 p. :</subfield>
    <subfield code="b">27 cm.</subfield>
  </datafield>
  <datafield tag="500" ind1=" " ind2=" ">
    <subfield code="a">Includes references and index.</subfield>
  </datafield>
  <datafield tag="505" ind1=" " ind2=" ">
    <subfield code="a">Contents: Introduction -- History of nursing in Ghana -- A history of midwifery in Ghana -- History of public or community health nursing in Ghana -- History of mental health nursing in Ghana -- History of peri-operative and critical care nursing in Ghana -- History of ophthalmic nursing in Ghana -- History of  Ear, Nose and Throat (ENT) in Ghana -- History of paediatric nursing in Ghana -- History of the nurse practitioner programme in Ghana -- History of emergency -- History of  specialist nursing and midwifery training in Ghana -- History of  nurse anaesthetists in Ghana.</subfield>
  </datafield>
  <datafield tag="700" ind1=" " ind2=" ">
    <subfield code="a">Bampong, Cyrelene Amoah.</subfield>
    <subfield code="9">30</subfield>
  </datafield>
  <datafield tag="700" ind1=" " ind2=" ">
    <subfield code="a">Sapong, Nana Yaw B.</subfield>
    <subfield code="9">31</subfield>
  </datafield>
  <datafield tag="700" ind1=" " ind2=" ">
    <subfield code="a">Amfo, Nana Aba Appiah</subfield>
    <subfield code="9">32</subfield>
  </datafield>
  <datafield tag="942" ind1=" " ind2=" ">
    <subfield code="2">lcc</subfield>
    <subfield code="c">BK</subfield>
  </datafield>
  <datafield tag="999" ind1=" " ind2=" ">
    <subfield code="c">9102</subfield>
    <subfield code="d">16602</subfield>
  </datafield>
  <datafield tag="952" ind1=" " ind2=" ">
    <subfield code="0">0</subfield>
    <subfield code="1">0</subfield>
    <subfield code="2">lcc</subfield>
    <subfield code="4">0</subfield>
    <subfield code="7">0</subfield>
    <subfield code="a">WIUC-1</subfield>
    <subfield code="b">WIUC-1</subfield>
    <subfield code="c">NURS L.</subfield>
    <subfield code="d">2022-08-02</subfield>
    <subfield code="l">0</subfield>
    <subfield code="o">NURS/Az1</subfield>
    <subfield code="p">NURS/699/006/21</subfield>
    <subfield code="r">2022-08-02 00:00:00</subfield>
    <subfield code="t">1</subfield>
    <subfield code="w">2022-08-02</subfield>
    <subfield code="y">BK</subfield>
  </datafield>
  <datafield tag="952" ind1=" " ind2=" ">
    <subfield code="0">0</subfield>
    <subfield code="1">0</subfield>
    <subfield code="2">lcc</subfield>
    <subfield code="4">0</subfield>
    <subfield code="7">0</subfield>
    <subfield code="a">WIUC-1</subfield>
    <subfield code="b">WIUC-1</subfield>
    <subfield code="c">NURS L.</subfield>
    <subfield code="d">2022-08-02</subfield>
    <subfield code="l">0</subfield>
    <subfield code="o">NURS/Az2</subfield>
    <subfield code="p">NURS/700/007/21</subfield>
    <subfield code="r">2022-08-02 00:00:00</subfield>
    <subfield code="t">2</subfield>
    <subfield code="w">2022-08-02</subfield>
    <subfield code="y">BK</subfield>
  </datafield>
  <datafield tag="952" ind1=" " ind2=" ">
    <subfield code="0">0</subfield>
    <subfield code="1">0</subfield>
    <subfield code="2">lcc</subfield>
    <subfield code="4">0</subfield>
    <subfield code="7">0</subfield>
    <subfield code="a">WIUC-1</subfield>
    <subfield code="b">WIUC-1</subfield>
    <subfield code="c">NURS L.</subfield>
    <subfield code="d">2022-08-02</subfield>
    <subfield code="l">0</subfield>
    <subfield code="o">NURS/Az3</subfield>
    <subfield code="p">NURS/701/008/21</subfield>
    <subfield code="r">2022-08-02 00:00:00</subfield>
    <subfield code="t">3</subfield>
    <subfield code="w">2022-08-02</subfield>
    <subfield code="y">BK</subfield>
  </datafield>
  <datafield tag="952" ind1=" " ind2=" ">
    <subfield code="0">0</subfield>
    <subfield code="1">0</subfield>
    <subfield code="2">lcc</subfield>
    <subfield code="4">0</subfield>
    <subfield code="7">0</subfield>
    <subfield code="a">WIUC-1</subfield>
    <subfield code="b">WIUC-1</subfield>
    <subfield code="c">NURS L.</subfield>
    <subfield code="d">2022-08-02</subfield>
    <subfield code="l">0</subfield>
    <subfield code="o">NURS/Az3</subfield>
    <subfield code="p">NURS/702/009/21</subfield>
    <subfield code="r">2022-08-02 00:00:00</subfield>
    <subfield code="t">4</subfield>
    <subfield code="w">2022-08-02</subfield>
    <subfield code="y">BK</subfield>
  </datafield>
  <datafield tag="952" ind1=" " ind2=" ">
    <subfield code="0">0</subfield>
    <subfield code="1">0</subfield>
    <subfield code="2">lcc</subfield>
    <subfield code="4">0</subfield>
    <subfield code="7">0</subfield>
    <subfield code="a">WIUC-1</subfield>
    <subfield code="b">WIUC-1</subfield>
    <subfield code="c">NURS L.</subfield>
    <subfield code="d">2022-08-02</subfield>
    <subfield code="l">0</subfield>
    <subfield code="o">NURS/Az5</subfield>
    <subfield code="p">NURS/703/010/21</subfield>
    <subfield code="r">2022-08-02 00:00:00</subfield>
    <subfield code="t">5</subfield>
    <subfield code="w">2022-08-02</subfield>
    <subfield code="y">BK</subfield>
  </datafield>
  <datafield tag="952" ind1=" " ind2=" ">
    <subfield code="0">0</subfield>
    <subfield code="1">0</subfield>
    <subfield code="2">lcc</subfield>
    <subfield code="4">0</subfield>
    <subfield code="7">0</subfield>
    <subfield code="a">WIUC-1</subfield>
    <subfield code="b">WIUC-1</subfield>
    <subfield code="c">REF</subfield>
    <subfield code="d">2022-08-02</subfield>
    <subfield code="l">0</subfield>
    <subfield code="p">8905/356/21</subfield>
    <subfield code="r">2022-08-02 00:00:00</subfield>
    <subfield code="t">1</subfield>
    <subfield code="w">2022-08-02</subfield>
    <subfield code="y">BK</subfield>
  </datafield>
  <datafield tag="952" ind1=" " ind2=" ">
    <subfield code="0">0</subfield>
    <subfield code="1">0</subfield>
    <subfield code="2">lcc</subfield>
    <subfield code="4">0</subfield>
    <subfield code="7">0</subfield>
    <subfield code="a">WIUC-1</subfield>
    <subfield code="b">WIUC-1</subfield>
    <subfield code="c">REF</subfield>
    <subfield code="d">2022-08-02</subfield>
    <subfield code="l">0</subfield>
    <subfield code="p">8906/357/21</subfield>
    <subfield code="r">2022-08-02 00:00:00</subfield>
    <subfield code="t">2</subfield>
    <subfield code="w">2022-08-02</subfield>
    <subfield code="y">BK</subfield>
  </datafield>
</record>
